[Event "13th PKWN Festival it"]
[Site "Lublin POL"]
[Date "1977.07.??"]
[Round "1"]
[White "Lipski, Tadeusz"]
[WhiteElo "2325"]
[Black "Radev, Nikolai"]
[BlackElo "2430"]
[Result "1-0"]
[EventDate "1977.07.14"]
[PlyCount "59"]

1.e4 c5 2.Nc3 e6 3.Nge2 d5 4.d4 Nc6 5.g3 dxe4 6.Be3 cxd4 7.Nxd4 f5 8.Bb5
Bd7 9.Qh5+ g6 10.Qe2 Nf6 11.O-O-O Qe7 12.h4 Bg7 13.Nb3 Rc8 14.h5 Nb4 15.h6
Bf8 16.Bg5 Rxc3 17.Rxd7 Nxd7 18.Bxe7 Rxc2+ 19.Qxc2 Nxc2 20.Bxf8 Kxf8 21.
Rd1 Nf6 22.Rd8+ Ke7 23.Rxh8 Ne1 24.Rb8 Ng4 25.Rxb7+ Kf6 26.Rxh7 Kg5 27.Nc5
Nxh6 28.Nxe6+ Kh5 29.Be2+ Nf3 30.Nd4 1-0

[Event "13th PKWN Festival it"]
[Site "Lublin POL"]
[Date "1977.07.??"]
[Round "1"]
[White "Marszalek, Rafal"]
[WhiteElo "2335"]
[Black "Doda, Zbigniew"]
[BlackElo "2375"]
[Result "1/2-1/2"]
[EventDate "1977.07.14"]
[PlyCount "39"]

1.Nf3 Nf6 2.d4 g6 3.g3 Bg7 4.Bg2 O-O 5.c4 d6 6.O-O c6 7.Nc3 Nbd7 8.e4 e5
9.Re1 Re8 10.d5 c5 11.a3 Nf8 12.Rb1 b6 13.b4 a6 14.Nd2 Bh6 15.Nb3 Bxc1 16.
Qxc1 Bd7 17.Qg5 Kg7 18.Rb2 Qc7 19.bxc5 bxc5 20.Reb1 1/2-1/2

[Event "13th PKWN Festival it"]
[Site "Lublin POL"]
[Date "1977.07.??"]
[Round "1"]
[White "Martinovic, Slobodan"]
[WhiteElo "2415"]
[Black "Lebredo Zaragoitia, Gerardo"]
[BlackElo "2385"]
[Result "1-0"]
[EventDate "1977.07.14"]
[PlyCount "53"]

1.e4 c5 2.Nf3 Nc6 3.d4 cxd4 4.Nxd4 d6 5.Nc3 e5 6.Nde2 Nf6 7.g3 Be7 8.Bg2
O-O 9.O-O h6 10.h3 b6 11.g4 Ba6 12.Re1 Ne8 13.Ng3 Bg5 14.Be3 Nc7 15.Nf5 g6
16.Nxh6+ Kg7 17.Bxg5 Qxg5 18.Qxd6 Nd4 19.Nf5+ gxf5 20.Qxe5+ Qf6 21.Qxc7
fxg4 22.Nd5 Qg5 23.h4 Qd8 24.Qe5+ f6 25.Qxd4 Bb7 26.e5 Rh8 27.exf6+ 1-0

[Event "13th PKWN Festival it"]
[Site "Lublin POL"]
[Date "1977.07.??"]
[Round "1"]
[White "Savon, Vladimir"]
[WhiteElo "2540"]
[Black "Sydor, Andrzej"]
[BlackElo "2425"]
[Result "1/2-1/2"]
[EventDate "1977.07.14"]
[PlyCount "50"]

1.e4 e5 2.Nf3 Nc6 3.Bb5 a6 4.Ba4 Nf6 5.O-O Nxe4 6.d4 Be7 7.Qe2 f5 8.dxe5
O-O 9.Nbd2 Nc5 10.Bb3+ Kh8 11.Rd1 Qe8 12.Nc4 Qh5 13.Bd2 b6 14.Bc3 Bb7 15.
Ne3 Rae8 16.Nd5 Bd6 17.Nf4 Qh6 18.Qe3 Nxb3 19.axb3 Nxe5 20.Nxe5 Bxe5 21.
Bxe5 d6 22.Bxg7+ Qxg7 23.Qc3 Re4 24.Qxg7+ Kxg7 25.g3 Rfe8 1/2-1/2

[Event "13th PKWN Festival it"]
[Site "Lublin POL"]
[Date "1977.07.??"]
[Round "1"]
[White "Sznapik, Aleksander"]
[WhiteElo "2405"]
[Black "Castro Rojas, Oscar Humberto"]
[BlackElo "2410"]
[Result "1/2-1/2"]
[EventDate "1977.07.14"]
[PlyCount "79"]

1.e4 Nc6 2.Nf3 d6 3.d4 Bg4 4.Be3 Nf6 5.Nc3 e6 6.Be2 Be7 7.d5 exd5 8.exd5
Bxf3 9.Bxf3 Ne5 10.Be2 Qd7 11.O-O O-O 12.h3 Rfe8 13.Qd2 a6 14.a4 Bd8 15.
Rfe1 c6 16.dxc6 Qxc6 17.Rad1 Ba5 18.Qxd6 Qxd6 19.Rxd6 Bxc3 20.bxc3 Ne4 21.
Rb6 Nxc3 22.Rxb7 Nxa4 23.f4 Nd7 24.Bc4 Nac5 25.Rc7 Rac8 26.Rxc8 Rxc8 27.
Bxc5 Rxc5 28.Re8+ Nf8 29.Bb3 h5 30.g4 hxg4 31.hxg4 a5 32.Ra8 g6 33.Kf2 Rc3
34.Rxa5 Ne6 35.Ra4 Kg7 36.Re4 Kf6 37.Re3 Rc7 38.Re4 Rc3 39.Re3 Rc7 40.Re4
1/2-1/2

[Event "13th PKWN Festival it"]
[Site "Lublin POL"]
[Date "1977.07.??"]
[Round "1"]
[White "Zinn, Lothar"]
[WhiteElo "2365"]
[Black "Panchenko, Alexander"]
[BlackElo "2435"]
[Result "0-1"]
[EventDate "1977.07.14"]
[PlyCount "84"]

1.e4 c5 2.Nf3 Nc6 3.d4 cxd4 4.Nxd4 Nf6 5.Nc3 d6 6.g3 g6 7.Bg2 Nxd4 8.Qxd4
Bg7 9.O-O O-O 10.h3 Be6 11.Qd3 Qc8 12.Re1 Bxh3 13.Bh1 Be6 14.Bg5 Re8 15.e5
dxe5 16.Rxe5 Ng4 17.Ra5 Qc7 18.Rb5 Rad8 19.Nd5 Bxd5 20.Bxd5 b6 21.Qb3 Rf8
22.Re1 Rd7 23.Bf3 Ne5 24.Bg2 Ng4 25.c3 Nf6 26.a4 e6 27.a5 bxa5 28.Qa2 Rfd8
29.Bf4 Qc8 30.Qa4 h6 31.Rxa5 Nd5 32.Bxd5 exd5 33.Rxa7 Rxa7 34.Qxa7 d4 35.
Rd1 g5 36.Bc7 Rd7 37.Qb8 Rxc7 38.Qxc8+ Rxc8 39.cxd4 Rd8 40.Kg2 Rxd4 41.Rb1
Rb4 42.b3 f5 0-1

[Event "13th PKWN Festival it"]
[Site "Lublin POL"]
[Date "1977.07.??"]
[Round "2"]
[White "Lebredo Zaragoitia, Gerardo"]
[WhiteElo "2385"]
[Black "Sznapik, Aleksander"]
[BlackElo "2405"]
[Result "0-1"]
[EventDate "1977.07.14"]
[PlyCount "110"]

1.Nf3 g6 2.e4 Bg7 3.d4 d6 4.Be2 Nf6 5.Nc3 O-O 6.Bf4 c6 7.O-O Nbd7 8.h3 Nh5
9.Bg5 h6 10.Be3 e5 11.Qd2 Kh7 12.Rfd1 Qf6 13.dxe5 dxe5 14.Qd6 Nf4 15.Qxf6
Nxe2+ 16.Nxe2 Nxf6 17.Nc3 Re8 18.Bc5 Be6 19.a4 Nd7 20.Bd6 f5 21.Rd2 fxe4
22.Nxe4 Bf5 23.Re1 Bxe4 24.Rxe4 Nf6 25.Rb4 e4 26.Ne5 Rad8 27.Rxb7 e3 28.
fxe3 Ne4 29.Nf7 Nxd2 30.Nxd8 Rxd8 31.Be5 Rg8 32.Rxa7 Nc4 33.Bd4 Kh8 34.Re7
Bxd4 35.exd4 Nxb2 36.a5 Ra8 37.Re6 Rxa5 38.Rxg6 Kh7 39.Rxc6 Ra4 40.Rc7+
Kg6 41.Rc6+ Kg5 42.Rc5+ Kf4 43.Rc7 h5 44.Rc5 Rxd4 45.Rxh5 Rd2 46.Rc5 Nd1
47.Rc4+ Kg5 48.Rc5+ Kf4 49.Rc4+ Ke5 50.Rc8 Ne3 51.Re8+ Kf4 52.Rf8+ Kg5 53.
Rg8+ Kf6 54.c3 Rc2 55.h4 Kf5 0-1

[Event "13th PKWN Festival it"]
[Site "Lublin POL"]
[Date "1977.07.??"]
[Round "2"]
[White "Panchenko, Alexander"]
[WhiteElo "2435"]
[Black "Savon, Vladimir"]
[BlackElo "2540"]
[Result "1/2-1/2"]
[EventDate "1977.07.14"]
[PlyCount "30"]

1.c4 c5 2.Nc3 g6 3.g3 Bg7 4.Bg2 Nc6 5.e4 d6 6.Nge2 e6 7.O-O Nge7 8.a3 a5
9.b3 O-O 10.Bb2 Nd4 11.Rb1 Nec6 12.Nxd4 Nxd4 13.Ne2 Nxe2+ 14.Qxe2 Bxb2 15.
Rxb2 Qb6 1/2-1/2

[Event "13th PKWN Festival it"]
[Site "Lublin POL"]
[Date "1977.07.??"]
[Round "2"]
[White "Sydor, Andrzej"]
[WhiteElo "2425"]
[Black "Marszalek, Rafal"]
[BlackElo "2335"]
[Result "1/2-1/2"]
[EventDate "1977.07.14"]
[PlyCount "31"]

1.d4 d5 2.c4 c6 3.cxd5 cxd5 4.Nc3 Nc6 5.Bf4 Nf6 6.e3 e6 7.Bd3 Be7 8.Nf3
O-O 9.O-O Nh5 10.Qd2 Bd7 11.Rad1 Rc8 12.Rfe1 f5 13.h3 Nf6 14.Ne5 Ne4 15.
Nxe4 fxe4 16.Nxc6 1/2-1/2

[Event "13th PKWN Festival it"]
[Site "Lublin POL"]
[Date "1977.07.??"]
[Round "2"]
[White "Witkowski, Stefan"]
[WhiteElo "2340"]
[Black "Castro Rojas, Oscar Humberto"]
[BlackElo "2410"]
[Result "1-0"]
[EventDate "1977.07.14"]
[PlyCount "132"]

1.e4 Nc6 2.Nf3 e5 3.d4 exd4 4.Bc4 Nf6 5.e5 d5 6.Bb5 Ne4 7.Nxd4 Bd7 8.Bxc6
bxc6 9.O-O Bc5 10.f3 Ng5 11.Be3 Qe7 12.f4 Ne4 13.Nd2 f5 14.Nxe4 fxe4 15.b4
Bb6 16.c4 Qxb4 17.e6 Bc8 18.Qh5+ g6 19.Qe5 O-O 20.cxd5 Qd6 21.Qxd6 cxd6
22.dxc6 Bxe6 23.Nxe6 Bxe3+ 24.Kh1 Rf7 25.Rad1 Bb6 26.Rfe1 e3 27.Rxd6 Re8
28.g4 Ree7 29.g5 Rf5 30.Re2 Kf7 31.c7 Bxc7 32.Nxc7 Rxc7 33.Rd4 Ra5 34.Kg2
Rc1 35.Kf3 Rf1+ 36.Kxe3 Ra3+ 37.Ke4 Ke6 38.Rc4 Raf3 39.Rc6+ Ke7 40.Rf6
R1f2 41.Rxf2 Rxf2 42.Ra6 Re2+ 43.Kf3 Rxh2 44.Rxa7+ Ke6 45.a4 Rh1 46.a5
Rf1+ 47.Ke4 Re1+ 48.Kf3 Rf1+ 49.Ke3 Re1+ 50.Kd4 Ra1 51.Ra6+ Kd7 52.Ke5 Ra4
53.Ra7+ Kc6 54.Rxh7 Rxa5+ 55.Kf6 Rf5+ 56.Kxg6 Rxf4 57.Re7 Kd6 58.Re1 Ra4
59.Kf6 Rf4+ 60.Kg7 Rf2 61.g6 Rg2 62.Kh7 Rh2+ 63.Kg8 Rc2 64.g7 Rh2 65.Re4
Kd5 66.Re7 Ra2 1-0

[Event "13th PKWN Festival it"]
[Site "Lublin POL"]
[Date "1977.07.??"]
[Round "3"]
[White "Castro Rojas, Oscar Humberto"]
[WhiteElo "2410"]
[Black "Lebredo Zaragoitia, Gerardo"]
[BlackElo "2385"]
[Result "1-0"]
[EventDate "1977.07.14"]
[PlyCount "53"]

1.e4 c5 2.Nf3 e6 3.d3 d5 4.Nbd2 Nc6 5.g3 Bd6 6.Bg2 Nge7 7.O-O O-O 8.Nh4
Bc7 9.f4 dxe4 10.dxe4 b6 11.c3 Ba6 12.Re1 Qd7 13.Qh5 Rad8 14.Ndf3 f6 15.
Be3 Qe8 16.Qg4 Bc8 17.Bf1 Ng6 18.Ng2 Kh8 19.a3 f5 20.exf5 e5 21.Ngh4 Nxh4
22.Nxh4 Ne7 23.fxe5 Nxf5 24.Nxf5 Rxf5 25.Bf4 g5 26.e6 Bxe6 27.Qxf5 1-0

[Event "13th PKWN Festival it"]
[Site "Lublin POL"]
[Date "1977.07.??"]
[Round "3"]
[White "Lipski, Tadeusz"]
[WhiteElo "2325"]
[Black "Sydor, Andrzej"]
[BlackElo "2425"]
[Result "1/2-1/2"]
[EventDate "1977.07.14"]
[PlyCount "43"]

1.e4 e5 2.Nf3 Nc6 3.Bb5 a6 4.Bxc6 dxc6 5.O-O f6 6.d4 Bg4 7.dxe5 Qxd1 8.
Rxd1 fxe5 9.Rd3 Bxf3 10.Rxf3 Nf6 11.Nc3 Bb4 12.Bg5 Bxc3 13.Rxc3 Nxe4 14.
Re3 Nxg5 15.Rxe5+ Kf7 16.Rxg5 Rad8 17.Kf1 Rd2 18.Rc5 Rhd8 19.Rc1 R2d5 20.
Rc3 Rf5 21.Re1 Rd2 22.Re2 1/2-1/2

[Event "13th PKWN Festival it"]
[Site "Lublin POL"]
[Date "1977.07.??"]
[Round "3"]
[White "Marszalek, Rafal"]
[WhiteElo "2335"]
[Black "Panchenko, Alexander"]
[BlackElo "2435"]
[Result "0-1"]
[EventDate "1977.07.14"]
[PlyCount "64"]

1.d4 Nf6 2.c4 e6 3.g3 d5 4.Bg2 dxc4 5.Qa4+ Nbd7 6.Qxc4 a6 7.Qc2 c5 8.Nf3
b6 9.Nc3 Bb7 10.dxc5 Bxc5 11.O-O Rc8 12.Bf4 b5 13.Qb3 O-O 14.a3 h6 15.h3
Nh5 16.e3 Qb6 17.Rad1 Rfd8 18.Ne5 Bxg2 19.Kxg2 Nxf4+ 20.exf4 Nxe5 21.fxe5
Bd4 22.f4 Qc6+ 23.Rf3 g6 24.h4 h5 25.Qc2 Bxc3 26.Rxd8+ Rxd8 27.bxc3 Qc5
28.Rd3 Rc8 29.Qd2 Kg7 30.Rd8 Qxc3 31.Qd6 Qc2+ 32.Kf3 Rc3+ 0-1

[Event "13th PKWN Festival it"]
[Site "Lublin POL"]
[Date "1977.07.??"]
[Round "3"]
[White "Martinovic, Slobodan"]
[WhiteElo "2415"]
[Black "Doda, Zbigniew"]
[BlackElo "2375"]
[Result "1/2-1/2"]
[EventDate "1977.07.14"]
[PlyCount "70"]

1.e4 c5 2.Nf3 e6 3.c3 d5 4.exd5 exd5 5.d4 Nc6 6.Bb5 Bd6 7.dxc5 Bxc5 8.O-O
Ne7 9.Nbd2 O-O 10.Nb3 Bb6 11.Nbd4 Qd6 12.Be3 Bg4 13.Be2 Rfe8 14.Re1 h6 15.
Nh4 Bxe2 16.Rxe2 Qf6 17.Nhf3 Ng6 18.Nc2 Nce5 19.Nxe5 Rxe5 20.Bxb6 Rxe2 21.
Qxe2 Qxb6 22.Nd4 Nf4 23.Qd2 Qf6 24.g3 Nh3+ 25.Kg2 Ng5 26.f3 Re8 27.Rd1 a6
28.h4 Ne6 29.Nc2 Rd8 30.Qe3 h5 31.Rd2 Qf5 32.Nd4 Nxd4 33.Qxd4 Re8 34.a4 g6
35.a5 Re6 1/2-1/2

[Event "13th PKWN Festival it"]
[Site "Lublin POL"]
[Date "1977.07.??"]
[Round "3"]
[White "Savon, Vladimir"]
[WhiteElo "2540"]
[Black "Antunac, Goran"]
[BlackElo "2450"]
[Result "1-0"]
[EventDate "1977.07.14"]
[PlyCount "82"]

1.e4 Nf6 2.e5 Nd5 3.d4 d6 4.Nf3 Bg4 5.Be2 e6 6.h3 Bh5 7.O-O Nb6 8.c4 Nc6
9.exd6 cxd6 10.Nc3 d5 11.c5 Bxf3 12.Bxf3 Nc4 13.Be2 Be7 14.Bxc4 dxc4 15.
Be3 O-O 16.Qa4 Nxd4 17.Rad1 e5 18.Qxc4 Qc8 19.b4 Nf5 20.Nd5 Re8 21.g4 Nh4
22.Qe4 Bf8 23.f4 f5 24.Qc4 Kh8 25.fxe5 Rxe5 26.gxf5 Nxf5 27.Bf4 Re6 28.Qd3
Rg6+ 29.Kh2 Qd7 30.Be5 Rg5 31.Nc7 Qc6 32.Qf3 Rc8 33.Qxc6 bxc6 34.Ne6 Rh5
35.Rd7 Ne3 36.Rxf8+ Rxf8 37.Bxg7+ Kg8 38.Bxf8 Re5 39.Rg7+ Kh8 40.Re7 Kg8
41.Bg7 Nf5 1-0

[Event "13th PKWN Festival it"]
[Site "Lublin POL"]
[Date "1977.07.??"]
[Round "4"]
[White "Antunac, Goran"]
[WhiteElo "2450"]
[Black "Marszalek, Rafal"]
[BlackElo "2335"]
[Result "1/2-1/2"]
[EventDate "1977.07.14"]
[PlyCount "86"]

1.d4 d5 2.Nf3 Nf6 3.c4 c6 4.e3 Bf5 5.Nc3 e6 6.Be2 h6 7.O-O Nbd7 8.Bd3 Bxd3
9.Qxd3 Be7 10.e4 dxe4 11.Nxe4 Nxe4 12.Qxe4 Nf6 13.Qe2 O-O 14.Rd1 Qc7 15.b3
Rfd8 16.Bb2 Qf4 17.Rd3 Bd6 18.Rad1 Qg4 19.h3 Qh5 20.d5 cxd5 21.Bxf6 gxf6
22.cxd5 e5 23.g4 Qxh3 24.Qe4 Bc5 25.Nd2 Qh4 26.Rf3 h5 27.gxh5 Qxh5 28.Rg3+
Kf8 29.Rc1 Rac8 30.Kg2 Qh6 31.Rc2 Bd4 32.Rxc8 Rxc8 33.Qg4 Rd8 34.Ne4 Qf4
35.Qg8+ Ke7 36.d6+ Rxd6 37.Nxd6 Qxf2+ 38.Kh3 Qf1+ 39.Kh2 Qf2+ 40.Kh3 Qf1+
41.Kg4 Qf4+ 42.Kh5 Kxd6 43.Qb8+ Ke6 1/2-1/2

[Event "13th PKWN Festival it"]
[Site "Lublin POL"]
[Date "1977.07.??"]
[Round "4"]
[White "Doda, Zbigniew"]
[WhiteElo "2375"]
[Black "Sznapik, Aleksander"]
[BlackElo "2405"]
[Result "1/2-1/2"]
[EventDate "1977.07.14"]
[PlyCount "33"]

1.d4 Nf6 2.c4 d6 3.Nc3 e5 4.dxe5 dxe5 5.Qxd8+ Kxd8 6.Nf3 Nfd7 7.Be3 c6 8.
O-O-O f6 9.g3 Kc7 10.Bh3 Na6 11.Nd2 Bc5 12.Bxc5 Ndxc5 13.Bxc8 Raxc8 14.
Nde4 Rcd8 15.Rxd8 Rxd8 16.Rd1 Rxd1+ 17.Kxd1 1/2-1/2

[Event "13th PKWN Festival it"]
[Site "Lublin POL"]
[Date "1977.07.??"]
[Round "4"]
[White "Panchenko, Alexander"]
[WhiteElo "2435"]
[Black "Lipski, Tadeusz"]
[BlackElo "2325"]
[Result "1-0"]
[EventDate "1977.07.14"]
[PlyCount "65"]

1.Nf3 c5 2.c4 Nc6 3.d4 cxd4 4.Nxd4 Nf6 5.Nc3 e5 6.Ndb5 Bc5 7.Nd6+ Ke7 8.
Nf5+ Kf8 9.Ne3 d6 10.g3 Be6 11.Bg2 Qd7 12.Ned5 Ng4 13.Ne4 h5 14.h3 Nh6 15.
Rb1 f5 16.Ng5 Rc8 17.Nxe6+ Qxe6 18.e4 Nf7 19.exf5 Bxf2+ 20.Kxf2 Qxf5+ 21.
Bf4 exf4 22.Rf1 fxg3+ 23.Kg1 Qg5 24.Qb3 b6 25.c5 Nd4 26.Qa4 Nc6 27.cxb6
axb6 28.Rbc1 g6 29.Rxc6 Rxc6 30.Qxc6 Kg7 31.Qd7 Rf8 32.Nf4 Kh6 33.Ne6 1-0

[Event "13th PKWN Festival it"]
[Site "Lublin POL"]
[Date "1977.07.??"]
[Round "4"]
[White "Radev, Nikolai"]
[WhiteElo "2430"]
[Black "Castro Rojas, Oscar Humberto"]
[BlackElo "2410"]
[Result "1-0"]
[EventDate "1977.07.14"]
[PlyCount "65"]

1.e4 Nc6 2.Nf3 e5 3.Bb5 a6 4.Ba4 Nf6 5.O-O Be7 6.Re1 b5 7.Bb3 O-O 8.c3 d6
9.h3 Na5 10.Bc2 c5 11.d4 Nd7 12.a4 b4 13.cxb4 cxb4 14.Nbd2 exd4 15.Nxd4
Bf6 16.N4b3 Nxb3 17.Bxb3 Bb7 18.Nc4 Nc5 19.Bf4 Nxe4 20.Bxd6 Bxb2 21.Bxf8
Bxa1 22.Qxd8 Rxd8 23.Bxb4 Bd4 24.Ne3 Nc5 25.Bc2 Bc6 26.Nf5 Bxf2+ 27.Kxf2
Bxa4 28.Bxa4 Nd3+ 29.Kg1 Nxb4 30.Re7 g6 31.Nh6+ Kg7 32.Nxf7 Rd2 33.Rb7 1-0

[Event "13th PKWN Festival it"]
[Site "Lublin POL"]
[Date "1977.07.??"]
[Round "4"]
[White "Sydor, Andrzej"]
[WhiteElo "2425"]
[Black "Martinovic, Slobodan"]
[BlackElo "2415"]
[Result "1/2-1/2"]
[EventDate "1977.07.14"]
[PlyCount "29"]

1.d4 Nf6 2.Nf3 g6 3.g3 Bg7 4.Bg2 O-O 5.O-O c6 6.b3 d5 7.Bb2 a5 8.c4 Bf5 9.
Nc3 Ne4 10.Rc1 Nxc3 11.Bxc3 Be4 12.Bh3 Bxf3 13.exf3 e6 14.Re1 Nd7 15.Bf1
1/2-1/2

[Event "13th PKWN Festival it"]
[Site "Lublin POL"]
[Date "1977.07.??"]
[Round "4"]
[White "Witkowski, Stefan"]
[WhiteElo "2340"]
[Black "Lebredo Zaragoitia, Gerardo"]
[BlackElo "2385"]
[Result "1-0"]
[EventDate "1977.07.14"]
[PlyCount "105"]

1.e4 e6 2.d4 d5 3.exd5 exd5 4.Bd3 Bd6 5.c3 Ne7 6.Ne2 c6 7.Qc2 Qc7 8.Ng3
Ng6 9.Nf5 Bxf5 10.Bxf5 O-O 11.g3 Re8+ 12.Be3 Nd7 13.Nd2 Ngf8 14.Bh3 Nf6
15.Qd3 c5 16.O-O Ng6 17.Rfe1 h6 18.Qf5 cxd4 19.Bxd4 Be5 20.Nf3 Bxd4 21.
Nxd4 Qb6 22.Qc2 Ne5 23.Qb3 Nd3 24.Rxe8+ Rxe8 25.Qxb6 axb6 26.Rb1 Ne4 27.f3
Nd6 28.Bf1 Nc5 29.Nb5 Nxb5 30.Bxb5 Rd8 31.Rd1 Ne6 32.Kf2 Kf8 33.Ke3 Ke7
34.f4 g6 35.Be2 Ra8 36.Rxd5 Rxa2 37.Rd2 Nd8 38.Bc4 Ra1 39.Rd5 Rh1 40.h4
Rg1 41.Kf2 Ra1 42.h5 Ra5 43.hxg6 fxg6 44.Rd2 Rc5 45.Bd3 g5 46.Ke3 gxf4+
47.gxf4 Nf7 48.Rg2 Rh5 49.Rg7 b5 50.Bg6 Rh3+ 51.Ke4 Kf6 52.Rxf7+ Kxg6 53.
Rd7 1-0

[Event "13th PKWN Festival it"]
[Site "Lublin POL"]
[Date "1977.07.??"]
[Round "5"]
[White "Castro Rojas, Oscar Humberto"]
[WhiteElo "2410"]
[Black "Doda, Zbigniew"]
[BlackElo "2375"]
[Result "1/2-1/2"]
[EventDate "1977.07.14"]
[PlyCount "110"]

1.e4 c5 2.Nf3 e6 3.d3 Nc6 4.g3 Nge7 5.Bg2 g6 6.c3 Bg7 7.O-O O-O 8.Re1 e5
9.Be3 d6 10.Qd2 f5 11.a4 Kh8 12.Na3 Be6 13.Bg5 Qd7 14.Nc2 Rae8 15.d4 fxe4
16.Nh4 cxd4 17.Bxe4 d5 18.Bg2 dxc3 19.bxc3 Na5 20.Rad1 Nc4 21.Qc1 a5 22.
Ne3 Nxe3 23.Qxe3 Nc6 24.Qc5 d4 25.Rd2 Qf7 26.Be4 Rg8 27.Bxc6 bxc6 28.cxd4
exd4 29.Rxd4 Bd5 30.Be3 g5 31.Ng2 Qf3 32.Rxd5 Qxd5 33.Qb6 Rb8 34.Qc7 Rgc8
35.Qa7 Ra8 36.Qe7 Re8 37.Qb7 Rab8 38.Qa7 Bf6 39.Rc1 Rbd8 40.h3 Rd7 41.Qa6
Re6 42.Kh2 Be7 43.Rc2 Bb4 44.h4 h6 45.Bb6 Kh7 46.Ne3 Qe4 47.Qc8 Rf7 48.h5
Ref6 49.Kg1 Be1 50.Ng4 Qxc2 51.Nxf6+ Rxf6 52.Qd7+ Kg8 53.Qe8+ Rf8 54.Qe6+
Rf7 55.Qe8+ Rf8 1/2-1/2

[Event "13th PKWN Festival it"]
[Site "Lublin POL"]
[Date "1977.07.??"]
[Round "5"]
[White "Radev, Nikolai"]
[WhiteElo "2430"]
[Black "Lebredo Zaragoitia, Gerardo"]
[BlackElo "2385"]
[Result "1/2-1/2"]
[EventDate "1977.07.14"]
[PlyCount "172"]

1.Nf3 Nf6 2.g3 g6 3.Bg2 Bg7 4.O-O O-O 5.c4 d6 6.Nc3 e5 7.d3 Nc6 8.Rb1 a5
9.a3 h6 10.b4 axb4 11.axb4 Be6 12.b5 Nd4 13.Ne1 Rb8 14.Bb2 Qd7 15.e3 Nf5
16.Nc2 h5 17.Nb4 Ne7 18.Re1 c6 19.bxc6 bxc6 20.Ba1 h4 21.d4 hxg3 22.hxg3
exd4 23.exd4 Bxc4 24.Rxe7 Qxe7 25.Nxc6 Qc7 26.Nxb8 Rxb8 27.Qc2 Rxb1+ 28.
Qxb1 d5 29.Bb2 Qb6 30.Qc2 Qe6 31.Bf3 Kh7 32.Qd1 Qf5 33.Bc1 Ne4 34.Nxe4
dxe4 35.Bg2 Qb5 36.Ba3 Bd3 37.Qa1 Qa4 38.Bb2 Qb3 39.Qc1 Bh8 40.Kh2 Bc2 41.
Qa1 f5 42.Bc3 Qc4 43.Bb2 Bd3 44.d5 Bxb2 45.Qxb2 Qxd5 46.Qf6 Qd7 47.Bh3 Qg7
48.Qh4+ Kg8 49.Qf4 Be2 50.g4 fxg4 51.Bxg4 Bxg4 52.Qxg4 Qe5+ 53.Kg2 Kg7 54.
Qh4 g5 55.Qg4 Kf6 56.Qc8 Qe6 57.Qh8+ Kg6 58.Kf1 Qf6 59.Qe8+ Kf5 60.Kg2 Kf4
61.Qb8+ Qe5 62.Qf8+ Qf5 63.Qd6+ Kg4 64.Qg3+ Kh5 65.Qh2+ Kg6 66.Qd6+ Qf6
67.Qg3 Qf4 68.Qb3 Kh5 69.Qc3 Qg4+ 70.Kf1 Qf3 71.Qh8+ Kg4 72.Qc8+ Kh4 73.
Qh8+ Kg4 74.Qc8+ Qf5 75.Qb8 Qf6 76.Qg3+ Kf5 77.Qh3+ g4 78.Qh7+ Kf4 79.Qc7+
Kg5 80.Qc5+ Kh4 81.Qe3 Qe6 82.Kg2 Kh5 83.Qd4 Kg6 84.Kg3 Qb3+ 85.Kxg4 Qf3+
86.Kh4 Qd3 1/2-1/2

[Event "13th PKWN Festival it"]
[Site "Lublin POL"]
[Date "1977.07.??"]
[Round "5"]
[White "Savon, Vladimir"]
[WhiteElo "2540"]
[Black "Witkowski, Stefan"]
[BlackElo "2340"]
[Result "1/2-1/2"]
[EventDate "1977.07.14"]
[PlyCount "36"]

1.Nf3 Nf6 2.d4 c5 3.d5 b5 4.a4 Bb7 5.axb5 Bxd5 6.Nc3 Bb7 7.Bg5 d5 8.Bxf6
gxf6 9.e4 dxe4 10.Nd2 f5 11.Qh5 e6 12.Nc4 Nd7 13.Rd1 Qf6 14.b6 a6 15.Na5
Rb8 16.Qe2 Bg7 17.Nxb7 Rxb7 18.Qxa6 Rxb6 1/2-1/2

[Event "13th PKWN Festival it"]
[Site "Lublin POL"]
[Date "1977.07.??"]
[Round "5"]
[White "Sznapik, Aleksander"]
[WhiteElo "2405"]
[Black "Sydor, Andrzej"]
[BlackElo "2425"]
[Result "1-0"]
[EventDate "1977.07.14"]
[PlyCount "79"]

1.c4 Nf6 2.Nf3 c6 3.g3 d5 4.b3 Bf5 5.Bg2 e6 6.O-O Nbd7 7.Bb2 h6 8.d3 Bc5
9.Nbd2 O-O 10.Qc2 Re8 11.a3 a5 12.Bc3 Qe7 13.Qb2 e5 14.e4 dxe4 15.Nh4 Bg4
16.dxe4 Qe6 17.b4 axb4 18.axb4 Bf8 19.Rxa8 Rxa8 20.f4 exf4 21.gxf4 Ne8 22.
Nhf3 Bxf3 23.f5 Qe7 24.Rxf3 f6 25.c5 b6 26.cxb6 Nxb6 27.Bf1 Nd6 28.e5 fxe5
29.Bxe5 Nd7 30.Bd4 Rb8 31.Bd3 Qf7 32.Bb1 Kh8 33.Ba2 Qe7 34.Re3 Qh4 35.Be6
Nf6 36.Rg3 Nde8 37.Nf3 Qe4 38.Ne5 Rxb4 39.Ng6+ Kh7 40.Nxf8+ 1-0

[Event "13th PKWN Festival it"]
[Site "Lublin POL"]
[Date "1977.07.??"]
[Round "6"]
[White "Antunac, Goran"]
[WhiteElo "2450"]
[Black "Martinovic, Slobodan"]
[BlackElo "2415"]
[Result "1/2-1/2"]
[EventDate "1977.07.14"]
[PlyCount "23"]

1.g3 d5 2.Bg2 c5 3.Nf3 Nf6 4.b3 Bg4 5.Bb2 Nbd7 6.O-O Bxf3 7.exf3 e6 8.f4
Be7 9.d3 O-O 10.Nd2 Ne8 11.Nf3 Bf6 12.Ne5 1/2-1/2

[Event "13th PKWN Festival it"]
[Site "Lublin POL"]
[Date "1977.07.??"]
[Round "6"]
[White "Savon, Vladimir"]
[WhiteElo "2540"]
[Black "Marszalek, Rafal"]
[BlackElo "2335"]
[Result "1/2-1/2"]
[EventDate "1977.07.14"]
[PlyCount "29"]

1.e4 e6 2.d4 d5 3.Nd2 c5 4.Ngf3 a6 5.dxc5 Bxc5 6.Bd3 Nf6 7.Qe2 Nc6 8.O-O
Nb4 9.e5 Nd7 10.c4 Nxd3 11.Qxd3 Be7 12.Qd4 Nc5 13.b4 Na4 14.a3 O-O 15.Nb3
1/2-1/2

[Event "13th PKWN Festival it"]
[Site "Lublin POL"]
[Date "1977.07.??"]
[Round "6"]
[White "Sydor, Andrzej"]
[WhiteElo "2425"]
[Black "Castro Rojas, Oscar Humberto"]
[BlackElo "2410"]
[Result "1-0"]
[EventDate "1977.07.14"]
[PlyCount "63"]

1.d4 d5 2.c4 dxc4 3.Nf3 a6 4.e3 Bg4 5.Bxc4 e6 6.Nbd2 Nf6 7.h3 Bh5 8.O-O
Nc6 9.Be2 Be7 10.b3 O-O 11.Bb2 Qd5 12.Rc1 Rad8 13.Nc4 Nd7 14.Nfe5 Bxe2 15.
Nxc6 Qxc6 16.Qxe2 Qd5 17.e4 Qg5 18.f4 Qb5 19.f5 Bg5 20.Rc3 Rfe8 21.Rg3 h6
22.Rgf3 Nf6 23.e5 Nd5 24.Qe4 Ne7 25.fxe6 fxe6 26.h4 Qd5 27.Qg4 Bxh4 28.
Qxh4 Nf5 29.Qf2 Qe4 30.Rf4 Qd3 31.Qf3 Qc2 32.Rc1 1-0

[Event "13th PKWN Festival it"]
[Site "Lublin POL"]
[Date "1977.07.??"]
[Round "6"]
[White "Witkowski, Stefan"]
[WhiteElo "2340"]
[Black "Radev, Nikolai"]
[BlackElo "2430"]
[Result "0-1"]
[EventDate "1977.07.14"]
[PlyCount "52"]

1.d4 Nf6 2.Nf3 g6 3.g3 Bg7 4.Bg2 O-O 5.O-O d5 6.Bf4 Nc6 7.Ne5 Nh5 8.Nxc6
bxc6 9.Bc1 f5 10.c4 f4 11.Nc3 fxg3 12.hxg3 Be6 13.cxd5 cxd5 14.Be3 c6 15.
Qd2 Qd7 16.Kh2 Rf7 17.Na4 Raf8 18.Nc5 Qd6 19.Nxe6 Qxe6 20.Rac1 Kh8 21.Bh3
Qd6 22.Kg2 e5 23.Rc3 Nxg3 24.fxg3 Rxf1 25.dxe5 Bxe5 26.Bc5 Qxc5 0-1

[Event "13th PKWN Festival it"]
[Site "Lublin POL"]
[Date "1977.07.??"]
[Round "6"]
[White "Zinn, Lothar"]
[WhiteElo "2365"]
[Black "Lipski, Tadeusz"]
[BlackElo "2325"]
[Result "1-0"]
[EventDate "1977.07.14"]
[PlyCount "79"]

1.e4 e5 2.d4 exd4 3.Qxd4 Nc6 4.Qe3 Nf6 5.Nc3 Be7 6.Bd2 d5 7.Nxd5 Nxd5 8.
exd5 Qxd5 9.Ne2 Be6 10.Nf4 Qe5 11.Qxe5 Nxe5 12.Nxe6 fxe6 13.Bc3 Bf6 14.f4
Nd7 15.Bd2 Bxb2 16.Rb1 Bd4 17.Rxb7 Bb6 18.Bb4 h5 19.Bb5 a6 20.Bd3 Kf7 21.
Kd2 Rhd8 22.Rb1 Nf6 23.Ke2 Rd7 24.Bc3 Ke7 25.h3 Nd5 26.Be5 Rf8 27.g3 Ra8
28.Rb3 Nf6 29.Ra3 a5 30.Bb5 Ne8 31.Rc3 Kd8 32.a4 Rc8 33.Rc6 Re7 34.c4 Nf6
35.c5 Nd7 36.cxb6 Nxb6 37.Bxc7+ Rcxc7 38.Rbxc7 Rxc7 39.Rxb6 Rc3 40.Kf2 1-0

[Event "13th PKWN Festival it"]
[Site "Lublin POL"]
[Date "1977.07.??"]
[Round "7"]
[White "Castro Rojas, Oscar Humberto"]
[WhiteElo "2410"]
[Black "Panchenko, Alexander"]
[BlackElo "2435"]
[Result "1/2-1/2"]
[EventDate "1977.07.14"]
[PlyCount "25"]

1.e4 e6 2.d3 d5 3.Nd2 Nf6 4.Ngf3 Nc6 5.e5 Nd7 6.d4 f6 7.Bd3 fxe5 8.Nxe5
Ndxe5 9.dxe5 Nxe5 10.Qh5+ Nf7 11.Bxh7 Qf6 12.Nf3 Bd7 13.Be3 1/2-1/2

[Event "13th PKWN Festival it"]
[Site "Lublin POL"]
[Date "1977.07.??"]
[Round "7"]
[White "Lebredo Zaragoitia, Gerardo"]
[WhiteElo "2385"]
[Black "Sydor, Andrzej"]
[BlackElo "2425"]
[Result "1/2-1/2"]
[EventDate "1977.07.14"]
[PlyCount "55"]

1.Nf3 d5 2.e3 Nf6 3.c4 c6 4.Nc3 e6 5.b3 Nbd7 6.Bb2 Bd6 7.Be2 O-O 8.O-O Qe7
9.cxd5 exd5 10.a3 Re8 11.Nd4 Nf8 12.b4 g6 13.f4 Ne6 14.Nxe6 Bxe6 15.Bd3
Rad8 16.Qc2 Bc8 17.Rae1 Nh5 18.Ne2 Rf8 19.Nd4 Rde8 20.Nf3 Ng7 21.e4 dxe4
22.Rxe4 Qd8 23.Qc3 f6 24.Bc4+ Kh8 25.Rxe8 Qxe8 26.Re1 Qd7 27.g3 Bc7 28.Kh1
1/2-1/2